The teaching of Amen Em Apt, son of Kanekht: the egyptian hieroglyphic text and an english translation, with translation of the moral and religious teaching of egyptian kings and officials illustrating the development of religious philosophy in Egypt during a period of about ywo thousand years.
Guardat en:
| Autor principal: | |
|---|---|
| Format: | Llibre |
| Idioma: | anglès |
| Publicat: |
London, England, United Kingdom
Martin Hopkinson and Company Ltd
1924
|
| Matèries: | |
| Etiquetes: |
Afegir etiqueta
Sense etiquetes, Sigues el primer a etiquetar aquest registre!
|
MARC
| LEADER | 00000nam a2200000 a 4500 | ||
|---|---|---|---|
| 001 | UCJ6573 | ||
| 003 | CL-VaPUC | ||
| 005 | 20241021125351.0 | ||
| 008 | 070124e19240000UK |||||||||||||||||eng|d | ||
| 999 | |c 322675 |d 322673 | ||
| 040 | |c Pontificia Universidad Católica de Valparaíso | ||
| 082 | 0 | 4 | |a 932 BUD 1924 |2 21 |
| 100 | |a Wallis Budge, Ernest Alfred |9 516815 | ||
| 245 | 1 | 4 | |a The teaching of Amen Em Apt, son of Kanekht: the egyptian hieroglyphic text and an english translation, with translation of the moral and religious teaching of egyptian kings and officials illustrating the development of religious philosophy in Egypt during a period of about ywo thousand years. |
| 246 | |b by Sir E. A. Wallis Budge, Litt.D., D. Litt., sometine Keeper of the Assyrian and Egyptian Antiquities in the British Museum | ||
| 260 | 0 | 3 | |a London, England, United Kingdom |b Martin Hopkinson and Company Ltd |c 1924 |
| 300 | |a 260 páginas | ||
| 500 | |a Ilustraciones conforme a lo señalado en índice | ||
| 583 | |a last modification |c 20130712 06:38:14 |k Rodrigo Vera | ||
| 650 | 7 | |a EGIPTOLOGIA |2 CL-VaPUC |9 265780 | |
| 650 | 0 | |a Arqueología |9 265619 | |
| 650 | 0 | |a Ética |9 255099 | |
| 650 | 7 | |a FARAONES |2 CL-VaPUC |9 389592 | |
| 650 | 0 | |a Genealogía |9 255285 | |
| 650 | 7 | |a JEROGLIFICOS |2 CL-VaPUC |9 265779 | |
| 650 | 0 | |a Paleografía |9 264942 | |
| 650 | 7 | |a PAPIROS |2 CL-VaPUC |9 318278 | |
| 651 | 0 | |a Egipto |9 268199 | |
| 942 | |c BK |2 ddc | ||
| 945 | |d 20070124 00:00:00 |a rinostro | ||
| 952 | |0 0 |1 0 |2 ddc |4 0 |6 932_000000000000000_BUD_1924 |7 0 |8 X |9 401726 |a FDOBUD |b FDOBUD |d 2019-11-22 |i 1049801 |o 932 BUD 1924 |p 1049801 |r 2019-11-22 |t 1 |w 2019-11-22 |y BK_X |k BUD | ||